000 00280cam a22000977a 4500
008 180718b1959 xxu||||| |||| 00| 0 eng d
082 _aX21103x5411 As72r
245 _aRules for occupation of the guest house at Burnihat
260 _aShillong
_bGovernment Press
_c1959
300 _a5p.
999 _c425306
_d425306